02193nam a2200193   450000500170000000800410001702000180005804100120007608200130008810000200010124500990012125000080022026000320022830000080026036500190026852016710028765000190195870000220197720260116135810.0260109b        |||||||| |||| 00| 0 eng d  a9781350077638  aEnglish  a746bSTE  aSteed Josephine  aSourcing Ideas for Textile Designb: Researching Colour, Surface, Structure, Texture & Pattern  a2nd  aNew DelhibBloomsburyc2020  a157  b2096.86cRs.00  a1 WHAT IS TEXTILE DESIGN?
•	What makes Textile Design Different from other Disciplines?
•	Definitions
•	What are the Occupations?
•	What are the Distinct Differences between Textile Design and Textile Art?
•	What is the Textile Design Process?
•	Interview Fioen Van Balgooi
•	Case Study Freddie Robins
•	Case Study Yinka Shonibare
2 THE TEXTILE DESIGN PROCESS
•	Exploring the IDEA through Textile Research Methods
•	Visual Research
•	Tools and Methods for Unpacking the Idea
•	Techniques to Explore within your Drawing
•	Mood/Storyboards Interview Karen Nicol
•	Case Study Dries Van Noten
3 DEVELOPING THROUGH MATERIAL INVESTIGATION
•	What do we Mean by Surface?
•	What do we Mean by Texture?
•	What do we Mean by Pattern?
•	What do we Mean by Structure?
•	Spotlight on Lucienne Day
•	Interview Reiko Sudo
•	Spotlight on Japanese Textiles
•	Case Study Wallace and Sewell
4 COLOUR
•	The Importance of Colour in Textile Design
•	What is Colour?
•	Colour Theory
•	Colour Definitions
•	Colour Forecasting
•	Observing and Analysing Colour
•	Defined Palette and Colour Systems
•	Colour and Culture Spotlight on Indian Textiles
•	Interview Jane Keith
•	Case Study Missoni
5 CREATING TEXTILE OUTCOMES
•	Craftsmanship
•	Creating 'Fit for Purpose' Textiles
•	Spotlight on Anni Albers (1899-1994)
•	Interview Sara Robertson and Sarah Taylor
•	How to Communicate
•	Visual Presentation
•	Presentation Boards
•	How to Create your Presentation Boards
•	How to Create a Portfolio
•	CAD Presentation
•	Verbal Presentations
•	Online Presence
•	Case Study Donna Wilson
•	Case Study Noa Raviv

  aTextile Design  aStevenson Frances